Athlétisme - Clic Quiz - Qui a fait quoi ? - Statistiques

Statistiques générales
  • Ce quiz a été pris 54 fois
  • Le résultat moyen est 34 sur 180
Statistiques - réponses
Hint Réponse % Correct
Kevin Mayer A fait plus de 8840 pts au Décathlon
61%
Renaud Lavillenie A sauté à la perche à plus de 6.03m
61%
Usain Bolt A couru le 100m en moins de 9s80
57%
Armand Duplantis A sauté à la perche à plus de 6.03m
57%
Sergueï Bubka A sauté à la perche à plus de 6.03m
50%
Asafa Powell A couru le 100m en moins de 9s80
45%
Justin Gatlin A couru le 100m en moins de 9s80
45%
Grant Holloway A couru le 110m haies en moins de 12s93
45%
Karsten Warholm A couru le 400m haies en moins de 47s20
45%
Yohann Diniz A marché 20km en moins d'1h17m30s
45%
Christian Coleman A couru le 100m en moins de 9s80
41%
Tyson Gay A couru le 100m en moins de 9s80
41%
Yohan Blake A couru le 100m en moins de 9s80
41%
Jakob Ingebrigtsen A couru le 1500m en moins de 3m29s00
41%
Wayde van Niekerk A couru le 400m en moins de 43s75
41%
Ryan Crouser A lancé le poids à plus de 22.50m
41%
Javier Sotomayor A sauté en hauteur à plus de 2.39m
41%
Mike Powell A sauté en longueur à plus de 8.69m
39%
Haile Gebrselassie A couru le 10000m en moins de 26m36s00
36%
Hicham El Guerrouj A couru le 1500m en moins de 3m29s00
36%
Ashton Eaton A fait plus de 8840 pts au Décathlon
36%
Damian Warner A fait plus de 8840 pts au Décathlon
36%
Teddy Tamgho A fait un triple saut à plus de 17.91m
36%
Hugues Fabrice Zango A fait un triple saut à plus de 17.91m
36%
Mutaz Essa Barshim A sauté en hauteur à plus de 2.39m
36%
Pedro Pablo Pichardo A fait un triple saut à plus de 17.91m
34%
Jacob Kiplimo A couru le 10000m en moins de 26m36s00
32%
Joshua Cheptegei A couru le 10000m en moins de 26m36s00
32%
Abebe Dinkesa A couru le 10000m en moins de 26m36s00
32%
Maurice Greene A couru le 100m en moins de 9s80
32%
Aries Merritt A couru le 110m haies en moins de 12s93
32%
Michael Johnson A couru le 400m en moins de 43s75
32%
David Rudisha A couru le 800m en moins de 1m42s35
32%
Leo Neugebauer A fait plus de 8840 pts au Décathlon
32%
Pierce Lepage A fait plus de 8840 pts au Décathlon
32%
Jonathan Edwards A fait un triple saut à plus de 17.91m
32%
Kristjan Čeh A lancé le disque à plus de 71m
32%
Sam Kendricks A sauté à la perche à plus de 6.03m
32%
Devon Allen A couru le 110m haies en moins de 12s93
30%
Kirani James A couru le 400m en moins de 43s75
30%
Jan Železný A lancé le javelot à plus de 91m
30%
Carl Lewis A sauté en longueur à plus de 8.69m
30%
Kenenisa Bekele A couru le 10000m en moins de 26m36s00
27%
Mohammed Ahmed A couru le 10000m en moins de 26m36s00
27%
Ezekiel Kemboi A couru le 3000m steeple en moins de 7m57s00
27%
Christian Taylor A fait un triple saut à plus de 17.91m
27%
Virgilijus Alekna A lancé le disque à plus de 71m
27%
Johannes Vetter A lancé le javelot à plus de 91m
27%
Bohdan Bondarenko A sauté en hauteur à plus de 2.39m
27%
Ferdinand Omanyala A couru le 100m en moins de 9s80
25%
Liu Xiang A couru le 110m haies en moins de 12s93
25%
Omar McLeod A couru le 110m haies en moins de 12s93
25%
Steven Gardiner A couru le 400m en moins de 43s75
25%
Paweł Fajdek A lancé le marteau à plus de 83m
25%
Yūsuke Suzuki A marché 20km en moins d'1h17m30s
25%
Chris Nilsen A sauté à la perche à plus de 6.03m
25%
Bob Beamon A sauté en longueur à plus de 8.69m
25%
Colin Jackson A couru le 110m haies en moins de 12s93
23%
Sergueï Choubenkov A couru le 110m haies en moins de 12s93
23%
Noureddine Morceli A couru le 1500m en moins de 3m29s00
23%
Rai Benjamin A couru le 400m haies en moins de 47s20
23%
Nijel Amos A couru le 800m en moins de 1m42s35
23%
Daniel Ståhl A lancé le disque à plus de 71m
23%
Toshikazu Yamanishi A marché 20km en moins d'1h17m30s
23%
Trayvon Bromell A couru le 100m en moins de 9s80
20%
Dayron Robles A couru le 110m haies en moins de 12s93
20%
Michael Norman A couru le 400m en moins de 43s75
20%
Alison dos Santos A couru le 400m haies en moins de 47s20
20%
Will Claye A fait un triple saut à plus de 17.91m
20%
Joe Kovacs A lancé le poids à plus de 22.50m
20%
Tomas Walsh A lancé le poids à plus de 22.50m
20%
Steven Hooker A sauté à la perche à plus de 6.03m
20%
KC Lightfoot A sauté à la perche à plus de 6.03m
20%
Andriy Protsenko A sauté en hauteur à plus de 2.39m
20%
Danil Lysenko A sauté en hauteur à plus de 2.39m
20%
David Oliver A couru le 110m haies en moins de 12s93
18%
Mohamed Katir A couru le 1500m en moins de 3m29s00
18%
Saif Saaeed Shaheen A couru le 3000m steeple en moins de 7m57s00
18%
Lamecha Girma A couru le 3000m steeple en moins de 7m57s00
18%
Soufiane el-Bakkali A couru le 3000m steeple en moins de 7m57s00
18%
LaShawn Merritt A couru le 400m en moins de 43s75
18%
Jeremy Wariner A couru le 400m en moins de 43s75
18%
Kyron McMaster A couru le 400m haies en moins de 47s20
18%
Tomáš Dvořák A fait plus de 8840 pts au Décathlon
18%
Jordan Díaz A fait un triple saut à plus de 17.91m
18%
Julius Yego A lancé le javelot à plus de 91m
18%
Aki Parviainen A lancé le javelot à plus de 91m
18%
Iván Pedroso A sauté en longueur à plus de 8.69m
18%
Micah Kogo A couru le 10000m en moins de 26m36s00
16%
Paul Tergat A couru le 10000m en moins de 26m36s00
16%
Nesta Carter A couru le 100m en moins de 9s80
16%
Asbel Kiprop A couru le 1500m en moins de 3m29s00
16%
Timothy Cheruiyot A couru le 1500m en moins de 3m29s00
16%
Brimin Kipruto A couru le 3000m steeple en moins de 7m57s00
16%
Paul Kipsiele Koech A couru le 3000m steeple en moins de 7m57s00
16%
Quincy Watts A couru le 400m en moins de 43s75
16%
Sebastian Coe A couru le 800m en moins de 1m42s35
16%
Wilson Kipketer A couru le 800m en moins de 1m42s35
16%
Dan O'Brien A fait plus de 8840 pts au Décathlon
16%
Roman Šebrle A fait plus de 8840 pts au Décathlon
16%
Lars Riedel A lancé le disque à plus de 71m
16%
Róbert Fazekas A lancé le disque à plus de 71m
16%
Gerd Kanter A lancé le disque à plus de 71m
16%
Anderson Peters A lancé le javelot à plus de 91m
16%
Youri Sedykh A lancé le marteau à plus de 83m
16%
Leonardo Fabbri A lancé le poids à plus de 22.50m
16%
Jefferson Pérez A marché 20km en moins d'1h17m30s
16%
Dominique Arnold A couru le 110m haies en moins de 12s93
14%
Bernard Lagat A couru le 1500m en moins de 3m29s00
14%
Bernard Barmasai A couru le 3000m steeple en moins de 7m57s00
14%
Andreas Hofmann A lancé le javelot à plus de 91m
14%
Thomas Röhler A lancé le javelot à plus de 91m
14%
Igor Nikulin A lancé le marteau à plus de 83m
14%
Brad Walker A sauté à la perche à plus de 6.03m
14%
Maksim Tarasov A sauté à la perche à plus de 6.03m
14%
Dwight Phillips A sauté en longueur à plus de 8.69m
14%
Grant Fisher A couru le 10000m en moins de 26m36s00
11%
Taoufik Makhloufi A couru le 1500m en moins de 3m29s00
11%
Kevin Young A couru le 400m haies en moins de 47s20
11%
Emmanuel Korir A couru le 800m en moins de 1m42s35
11%
Masatora Kawano A marché 20km en moins d'1h17m30s
11%
Wang Kaihua A marché 20km en moins d'1h17m30s
11%
Derek Drouin A sauté en hauteur à plus de 2.39m
11%
Nicholas Kemboi A couru le 10000m en moins de 26m36s00
9%
Silas Kiplagat A couru le 1500m en moins de 3m29s00
9%
Champion Allison A couru le 400m en moins de 43s75
9%
Harry Butch Reynolds A couru le 400m en moins de 43s75
9%
Abderrahman Samba A couru le 400m haies en moins de 47s20
9%
Donavan Brazier A couru le 800m en moins de 1m42s35
9%
Kenny Harrison A fait un triple saut à plus de 17.91m
9%
Jürgen Schult A lancé le disque à plus de 71m
9%
Adrián Annus A lancé le marteau à plus de 83m
9%
Brian Oldfield A lancé le poids à plus de 22.50m
9%
Dmitri Markov A sauté à la perche à plus de 6.03m
9%
Irving Saladino A sauté en longueur à plus de 8.69m
9%
Larry Myricks A sauté en longueur à plus de 8.69m
9%
Robert Emmiyan A sauté en longueur à plus de 8.69m
9%
Noah Ngeny A couru le 1500m en moins de 3m29s00
7%
Moses Kiptanui A couru le 3000m steeple en moins de 7m57s00
7%
Brahim Boulami A couru le 3000m steeple en moins de 7m57s00
7%
Edwin Moses A couru le 400m haies en moins de 47s20
7%
Yuriy Dumchev A lancé le disque à plus de 71m
7%
Vadim Devyatovskiy A lancé le marteau à plus de 83m
7%
Ulf Timmermann A lancé le poids à plus de 22.50m
7%
Randy Barnes A lancé le poids à plus de 22.50m
7%
Igor Paklin A sauté en hauteur à plus de 2.39m
7%
Patrik Sjöberg A sauté en hauteur à plus de 2.39m
7%
Richard Mateelong A couru le 3000m steeple en moins de 7m57s00
5%
Samuel Matete A couru le 400m haies en moins de 47s20
5%
Abubaker Kaki A couru le 800m en moins de 1m42s35
5%
Sammy Koskei A couru le 800m en moins de 1m42s35
5%
Garrett Scantling A fait plus de 8840 pts au Décathlon
5%
Daley Thompson A fait plus de 8840 pts au Décathlon
5%
Raymond Hecht A lancé le javelot à plus de 91m
5%
Sergey Litvinov A lancé le marteau à plus de 83m
5%
Ivan Tsikhan A lancé le marteau à plus de 83m
5%
Igor Astapkovitch A lancé le marteau à plus de 83m
5%
Alessandro Andrei A lancé le poids à plus de 22.50m
5%
Sergey Morozov A marché 20km en moins d'1h17m30s
5%
Francisco Javier Fernández A marché 20km en moins d'1h17m30s
5%
Vyacheslav Voronin A sauté en hauteur à plus de 2.39m
5%
Bryan Bronson A couru le 400m haies en moins de 47s20
2%
Joaquim Cruz A couru le 800m en moins de 1m42s35
2%
Willie Banks A fait un triple saut à plus de 17.91m
2%
Piotr Małachowski A lancé le disque à plus de 71m
2%
Ben Plucknett A lancé le disque à plus de 71m
2%
Konstadínos Gatsioúdis A lancé le javelot à plus de 91m
2%
Kōji Murofushi A lancé le marteau à plus de 83m
2%
Kevin Toth A lancé le poids à plus de 22.50m
2%
Werner Günthör A lancé le poids à plus de 22.50m
2%
Vladimir Kanaykin A marché 20km en moins d'1h17m30s
2%
Vladimir Stankin A marché 20km en moins d'1h17m30s
2%
Carlo Thränhardt A sauté en hauteur à plus de 2.39m
2%
André Phillips A couru le 400m haies en moins de 47s20
0%
Wilfred Bungei A couru le 800m en moins de 1m42s35
0%
Khristo Markov A fait un triple saut à plus de 17.91m
0%
Sergey Makarov A lancé le javelot à plus de 91m
0%
Jüri Tamm A lancé le marteau à plus de 83m
0%
Sebastian Bayer A sauté en longueur à plus de 8.69m
0%
Erick Walder A sauté en longueur à plus de 8.69m
0%
Aucun quiz correspondant
Distribution des résultats
% des personnes avec chaque résultat
Percentile par nombre de réponses
Votre historique - résultats
Vous n’avez pas pris ce quiz